| 000 | 00802nam a2200253Ia 4500 | ||
|---|---|---|---|
| 003 | OSt | ||
| 005 | 20220925223023.0 | ||
| 006 | a|||||r|||| 00| 0 | ||
| 007 | ta | ||
| 008 | 220923b |||||||| |||| 00| 0 eng d | ||
| 020 | _a0415098890 | ||
| 037 | _cGeneral Book | ||
| 040 |
_aRTL _cRTL _beng |
||
| 041 |
_2eng _aeng |
||
| 082 | _aX : 75-77: (B), N4 | ||
| 100 |
_aChowdhury Anis _9253684 |
||
| 245 | 0 |
_aDevelopment policy and planning _b An introduction t to model and techniques |
|
| 260 |
_aLondon _bRoutledge _c1994 |
||
| 300 |
_axii,132p. Bibliography: P 123-26 _ccm. |
||
| 650 |
_aEconomic Planning _9237517 |
||
| 700 |
_a Kirkpatrick Colin _9288746 |
||
| 942 |
_hX : 75-77: (B), N4 _cGB _2CC |
||
| 999 |
_c578396 _d578396 |
||